000
00265nam a22001097a 4500
082
_a
658.3
_b
ANI/IN
100
_a
Anitha , M
_9
182
245
_a
Industrial Managment and Safety
260
_a
Hydarabad
_b
Radiant Publishing House
_c
2012
300
_a
9.24
942
_c
BK
999
_c
14153
_d
14153